000 00976nam a22003257a 4500
001 BR7906202
003 BR-BrBNA
005 20230928090128.0
007 ta
008 230509b bl.||||| |||| 00| 0 por d
040 _aBR-BrBNA
_bpor
_cBiblioteca Nacional de Agricultura
041 _a(Por)
072 _aF00; E15
_b/G514
090 _ F00 BR7906202
100 1 _aBarros, R.J.S.
100 1 _aSilva, A.F. da
110 1 _aComissao Estadual de Planejamento Agricola do Piaui, Teresina (Brasil)
_92040
245 1 _aInformes sobre a situacao de perdas e de abastecimento dos 76 municipios atingidos pela estiagem [Piaui; Brasil]
260 3 _aTeresina, PI (Brasil):
_c1979.
300 _a21 p.
500 _aNumerical data
650 _aProducao vegetal
650 _aMicroeconomia
650 _aEstimativa
650 _aPrevisao de safra
650 _aEstatistica de producao
650 _aPiaui
909 _a202309
_bLucia
_c55
_dLucia Elande
942 _cBK
999 _c27903
_d27903